| 000 | 00524nam a2200193Ia 4500 | ||
|---|---|---|---|
| 005 | 20260429112229.0 | ||
| 008 | 260429s9999||||xx |||||||||||||| ||und|| | ||
| 020 | _a9789355241153 | ||
| 041 | _aEnglish | ||
| 082 |
_a541.33 _bSRI |
||
| 100 | _aSrivastava, Sonia Chahar | ||
| 245 | 0 |
_aSurface molecular chemistry / _cSonia Chahar Srivastava |
|
| 260 |
_aJaipur : _bOxford, _c2024. |
||
| 300 | _aviii, 280 p.; hb | ||
| 650 | _a Molecular chemistry | ||
| 650 | _a Surface chemistry | ||
| 650 | _aChemistry | ||
| 942 | _cTB | ||
| 999 |
_c53013 _d53013 |
||